Alejandro Magno / (Record no. 184208)

MARC details
000 -LEADER
campo de control de longitud fija 00844nam a2200229 i 4500
001 - NÚMERO DE CONTROL
campo de control 184208
003 - IDENTIFICADOR DE NÚMERO DE CONTROL
campo de control ES-MaACL
005 - FECHA Y HORA DE LA ÚLTIMA TRANSACCIÓN
campo de control 20230906222114.0
008 - DATOS DE LONGITUD FIJA--INFORMACIÓN GENERAL
campo de control de longitud fija 150507s1970 sp abo |||| |bspa d
080 ## - NÚMERO DE LA CLASIFICACIÓN DECIMAL UNIVERSAL
Número de la Clasificación Decimal Universal 929 Alejandro Magno
100 1# - ENTRADA PRINCIPAL--NOMBRE DE PERSONA
Nombre de persona Bosi, Roberto.
9 (RLIN) 30691
245 10 - MENCIÓN DEL TÍTULO
Título Alejandro Magno /
Mención de responsabilidad, etc. texto de Roberto Bosi ; traducción y adaptación de Rafael de Góngora y Coello de Portugal.
260 ## - PUBLICACIÓN, DISTRIBUCIÓN, ETC.
Lugar de publicación, distribución, etc. Madrid :
Nombre del editor, distribuidor, etc. Prensa Española,
Fecha de publicación, distribución, etc. [1970]
300 ## - DESCRIPCIÓN FÍSICA
Extensión 75 p. :
Otras características físicas il. col. y n., mapa ;
Dimensiones 29 cm.
490 1# - MENCIÓN DE SERIE
Mención de serie Grandes de todos los tiempos
598 ## - NOTA LOCAL
Nota local Publicación mensual; marzo 1970.
600 07 - PUNTO DE ACCESO ADICIONAL DE MATERIA--NOMBRE DE PERSONA
Nombre de persona Alejandro Magno-
Subdivisión general Biografías.
9 (RLIN) 19704
700 1# - ENTRADA AGREGADA--NOMBRE PERSONAL
Nombre de persona Góngora y Coello de Portugal, Rafael de.
9 (RLIN) 156840
830 0# - PUNTO DE ACCESO ADICIONAL DE SERIE-TÍTULO UNIFORME
Título uniforme Grandes de todos los tiempos
9 (RLIN) 184021
852 ## - LOCALIZACIÓN
Ubicación ES-MaACL
Número de control de estantería E-15609
Nota libre . - enc. cart.
Holdings
Estatus retirado Estado de pérdida Estado de daño No para préstamo Biblioteca de origen Biblioteca actual Ubicación en estantería Fecha de adquisición Fuente de adquisición Total de préstamos Signatura topográfica completa Código de barras Visto por última vez Precio de reemplazo Tipo de ítem Koha
        Biblioteca del Ateneo de Madrid Biblioteca del Ateneo de Madrid Depósito 2 07/05/2015     E-15609 1193770 23/02/2023 23/02/2023 Libro impreso